Change One Letter Quiz Stats

 Plays Quiz not verified by Sporcle

Challenge
Share
Tweet
Embed
Score 0/14 Timer 02:00
0 Plays Today
Hint Word % Correct
Something fuzzy that has nine lives.cat
99.3%
By the door, where you wipe your shoes off.mat
94.6%
What old fruit begins to do.rot
89.6%
If you eat too much junk food, you might get...fat
88.3%
You can sleep on this.cot
86.3%
They spread disease, cause they're real dirty.rat
84.8%
If you're being chased or trying to get in shape, you better...run
82.6%
Hint Word % Correct
Sports equipment that's misproperly used to break stuff.bat
82%
Hopefully what this quiz is.fun
81.8%
Helps pale people get tan, or just burn.sun
80.7%
When it's hot you might pull out a .... to cool off.fan
80.5%
A mom and dad combine to make this XY.son
75.5%
You had just got to know someone new.met
74.4%
Las Vegas! Casinos!bet
70.9%

You're not logged in!

Compare scores with friends on all Sporcle quizzes.
Join for Free
OR
Log In

You Might Also Like...

Show Comments

Extras

Top Quizzes Today


Score Distribution

Your Account Isn't Verified!

In order to create a playlist on Sporcle, you need to verify the email address you used during registration. Go to your Sporcle Settings to finish the process.

Report this User

Report this user for behavior that violates our Community Guidelines.

Details: